000 00527nam a22001817a 4500
005 20251108163349.0
008 250721s1985 xx 000 0 ara d
082 1 4 _a214.2/محم
100 1 _aالصابوني، محمد علي
245 1 0 _aالنبوة و الأنبياء :
_bدراسة تفصيلية /
250 _aط3
264 1 _aدمشق :
_bمكتبة الغزالي،
_c1985.
300 _a332ص
650 1 7 _aأصول الدين الإسلامي
650 1 7 _aالنبوة
942 _2ddc
_cBK
999 _c811
_d811